01152cam a2200301 i 450000100090000000300040000900500170001300800410003001000170007102000180008804000230010604200150012904300210014405000270016508200160019224501110020826401180031930000590043733600210049633700250051733800230054250400410056565000500060665000510065670000320070770000340073971000770077319155051OSt20250204110544.0160628s2015 et a b 000 0 eng  a 2015333472 a9789994455843 aDLCbengcDLCerda alcodeapcc afe-----afs-----00aHD9502.A3542bG46 2015 a305.42bMIH04aThe gender-energy nexus in eastern and southern Africa /ceditors Pashcal B. Mihyo and Truphena E. Mukuna. 1aAddis Ababa, Ethiopia :bOrganisation for Social Science Research in Eastern and Southern Africa (OSSREA),c2015. axvii, 303 pages :billustrations (some color) ;c24 cm atext2rdacontent aunmediated2rdamedia avolume2rdacarrier aIncludes bibliographical references. 0aWomen in energy developmentzAfrica, Eastern. 0aWomen in energy developmentzAfrica, Southern.1 aMihyo, Paschal B.,eeditor.1 aMukuna, Truphena E.,eeditor.2 aOrganization for Social Science Research in Eastern and Southern Africa.